02314nam a2200313uu 4500001000800000005001700008008004100025020001800066035001200084040001300096041000800109082000800117100004200125245015000167250001100317260008500328300002200413520124500435650002901680650002701709650003101736650002901767650003401796650003101830650003201861650003701893650003001930700004001960138914420260508085606.0141022s2013 spa  a9789588742397 a1389144 ccomduadb aspa 4a37810aForero de López, Graciela4auteaut10aAmbientes educativos dinamizadores de energía creativa e innovadora : una visión psicosocial y ecoformadora de la educación en ingeniería a1. ed. aBarranquilla :bFondo de Publicaciones de la Universidad del Atlántico,c2013. a269 p. : il. col. aRESUMEN : Este libro resalta los apartes sustantivos de desarrollo investigativos en los cuales intervinieron los autores, algunos de cuyos productos o activos están constituidos por los aportes que ofrecen en la comprensión y transformación de los ambientes educativos a partir del fortalecimiento de los potenciales de la creatividad y la capacidad innovadora, en particular de los docentes, directivos y estudiantes. Un valor diferencial de esta producción radica en el rigor con que asumen estos dos procesos en el marco investigativo propositivo, desde la fundamentación teórica y el examen analítico y situado del contexto educativo, político, histórico, social y cultural; así mismo, por el hecho de constituir un aporte para la formación en ingenieríaa que ha de servir de referencia para el acto educativo en los diferentes programas y áreas del currículo universitario y de otros niveles de formación. Invadir las aulas de clase de las energías eurísticas típicas del pensamiento creativo e innovador y a la luz de una ética para el desarrollo de una vida más digna permite refundar nuestras esperanzas en las bondades de la educación y la formación como acicates para un mundo mejor. 7aAmbiente educativo2lemb 7aAptitud creadora2lemb 7aEducación superior2lemb aIngenieros - Educación 7aInnovaciones educativas2lemb aCreatividad e innovación aEducación en ingeniería aIngeniería - Aspectos sociales aFormación de ingenieros10aDe la Hoz Reyes, Remberto4auteaut